1329 1218 1001 1606 1267 1718 1255 1856 1283 1040 1628 1191 1647 1063 1283 1708 1045 1615 1427 1363 1116 1122 1445 1134 1054 1037 1300 1433 1569 1808 1975 1466 1441 1067 1301 1563 1511 1789 1664 1684 1097 1401 1952 1345 1330 1373 1668 1325 1920 1978 1823 1638 1226 1290 1348 1608 1697 1844 1844 1167 1341 1478 1379 1117 1196 1519 1636 1354 1582 1751 1619 1376 1367 1964 1409 1384 1672 1760 1667 1350 1973 1884 1025 1469 1882 1538 1578 1817 1134 1156 1912 1294 1403 1635 1932 1933 1853 1512 1053 BCNSPRNW ULIB Ver.6.0+V

เปลี่ยนเป็นภาษาไทย

Change to English
 แสดงรายละเอียดบรรณานุกรม
  กลับหน้าหลัก

Brief Record : Get Marc (ISO 2709) : E-mail record : QR code < ปิดหน้าต่าง
LEADER : 00000nam 2200000uu 4500
001    13399125217
003     ULIB
008    161117s||||th 000 0 tha d
020    ^a9748465381
060 04 ^aWA 540^bน472ก
100 0  ^aนันทโชค ชูทอง
245 10 ^aการสร้างพลังงานชุมชนโดยใช้แผนที่ทางเดินยุทธศาสตร์ (Strategic Route Map ) ในการสร้างเสริมสุขภาพและป้องกันโรคในชุมชน /^cนันทโชค ชูทอง
260    ^aกรุงเทพ^bสำนักงานหลักประกันสุขภาพแห่งชีวิต
300    ^a51หน้า
945    ^p0^l0^i001516
945    ^p0^l0^i001517
945    ^p0^l0^i001518
945    ^p0^l0^i001519
945    ^p0^l0^i001520
999    ^aวรรณษา ชูชัยมงคล
รายการนี้ยังไม่มีแท็ก
คุณยังไม่ได้ล็อกอิน คุณสามารถมีกิจกรรมร่วมกับเว็บไซต์ได้ แต่ต้องล็อกอินก่อน ::
  ล็อกอิน

รายการสื่อสารสนเทศ

ลำดับที่ ประเภท เลขเรียก/บาร์โค้ด สถานที่ สถานะ
1. การศึกษาทั่วไป
การศึกษาทั่วไป
WA 540 น472ก ฉ.1 
  Barcode: 001516
ห้องสมุดวิทยาเขตสวรรค์ประชารักษ์
►หนังสือทั่วไป
บนชั้น
2. การศึกษาทั่วไป
การศึกษาทั่วไป
WA 540 น472ก ฉ.2 
  Barcode: 001517
ห้องสมุดวิทยาเขตสวรรค์ประชารักษ์
►หนังสือทั่วไป
บนชั้น
3. การศึกษาทั่วไป
การศึกษาทั่วไป
WA 540 น472ก ฉ.3 
  Barcode: 001518
ห้องสมุดวิทยาเขตสวรรค์ประชารักษ์
►หนังสือทั่วไป
บนชั้น
4. การศึกษาทั่วไป
การศึกษาทั่วไป
WA 540 น472ก ฉ.4 
  Barcode: 001519
ห้องสมุดวิทยาเขตสวรรค์ประชารักษ์
►หนังสือทั่วไป
บนชั้น
5. การศึกษาทั่วไป
การศึกษาทั่วไป
WA 540 น472ก ฉ.5 
  Barcode: 001520
ห้องสมุดวิทยาเขตสวรรค์ประชารักษ์
►หนังสือทั่วไป
บนชั้น

BibComment


ยังไม่เคยถูกคอมเมนท์

คอมเมนท์ทรัพยากรรายการนี้
  คอมเมนท์: การสร้างพลังงานช..


 Copyright 2026. Bcnsprnw @Library